Statistics for MLB Criminal Quiz

Click here to take the quiz!

General Stats

  • This quiz has been taken 25 times
  • The average score is 4 of 8

Answer Stats

HintAnswer% Correct
Sexual Assault -2021Trevor Bauer
80%
Domestic Violence - 2021Marcell Ozuna
70%
Domestic Abuse - 2015Aroldis Chapman
60%
Convicted Sex Offender - 2017Felipe Vasquez
60%
Involvement In Deadly Crash - 2020Oneil Cruz
60%
Domestic Abuse - 2021Domingo German
50%
Child Abuse - 2019Julio Urias
30%
Sexual Assault - 2014Miguel Sano
30%

Score Distribution

Percentile by Number Answered

Percent of People with Each Score

Your Score History

You have not taken this quiz